A talajnedvesség kiszámítása passzív távérzékelési adatok alapján

Elmentve itt :
Bibliográfiai részletek
Szerzők: Van Leeuwen Boudewijn
Szécsényi Ákos
Dokumentumtípus: Cikk
Megjelent: SZTE TTIK Földrajzi és Földtani Tanszékcsoport Szeged 2015
Sorozat:Tovább egy zöldebb úton: A Szegedi Tudományegyetem Földrajzi és Földtani Tanszékcsoport részvétele a ZENFE programban (2013-2015)
Kulcsszavak:Talajvíz, Környezetvédelem, Energiaforrások - környezetvédelem, Távérzékelés, Képfeldolgozás - digitális
Tárgyszavak:
Online Access:http://acta.bibl.u-szeged.hu/64658
LEADER 01071nab a2200217 i 4500
001 acta64658
005 20260105094833.0
008 200224s2015 hu o 000 hun d
020 |a 978-963-306-361-3 
040 |a SZTE Egyetemi Kiadványok Repozitórium  |b hun 
041 |a hun 
100 2 |a Van Leeuwen Boudewijn 
245 1 2 |a A talajnedvesség kiszámítása passzív távérzékelési adatok alapján  |h [elektronikus dokumentum] /  |c  Van Leeuwen Boudewijn 
260 |a SZTE TTIK Földrajzi és Földtani Tanszékcsoport  |b Szeged  |c 2015 
300 |a 32-39 
490 0 |a Tovább egy zöldebb úton: A Szegedi Tudományegyetem Földrajzi és Földtani Tanszékcsoport részvétele a ZENFE programban (2013-2015) 
650 4 |a Természettudományok 
650 4 |a Föld- és kapcsolódó környezettudományok 
695 |a Talajvíz, Környezetvédelem, Energiaforrások - környezetvédelem, Távérzékelés, Képfeldolgozás - digitális 
700 0 1 |a Szécsényi Ákos  |e aut 
856 4 0 |u http://acta.bibl.u-szeged.hu/64658/1/tovabb_egy_zoldebb_uton_032-039.pdf  |z Dokumentum-elérés